Les 20 préfectures les plus proches d'Auxerre - Statistiques

Statistiques générales
  • Ce quiz a été pris 156 fois
  • Le résultat moyen est 14 sur 20
Statistiques - réponses
distance (en km) ville préfecture % Correct
122.47 Dijon
98%
150 Paris
97%
67 Troyes
94%
95 Nevers
88%
124.72 Orléans
88%
107 Melun
80%
142 Chalons en Champagne
75%
125.18 Evry Courcouronnes
75%
119 Bourges
74%
155 Versailles
73%
137 Créteil
67%
122.11 Chaumont
66%
158 Nanterre
62%
169 Blois
60%
149 Bobigny
60%
179.91 Cergy-Pontoise
57%
181 Moulins
53%
179.5 Chateauroux
50%
160 Bar le Duc
49%
171 Chartres
43%
Aucun quiz correspondant
Distribution des résultats
% des personnes avec chaque résultat
Percentile par nombre de réponses
Votre historique - résultats
Vous n’avez pas pris ce quiz